Statistiken für EM Teilnehmer 2024

Klicken Sie hier um das Quiz zu spielen!

Allgemein

  • Dieses Quiz wurde 197 mal gespielt
  • Das Durchschnittsergebnis liegt bei 21 aus 24

Antwortstatistiken

Antwort% Korrekt
Deutschland
99%
Schweiz
98%
Frankreich
97%
Italien
97%
Spanien
97%
England
95%
Österreich
95%
Portugal
94%
Niederlande
93%
Kroatien
92%
Polen
92%
Schottland
92%
Ungarn
92%
Belgien
90%
Ukraine
90%
Dänemark
89%
Tschechien
84%
Serbien
83%
Slowenien
81%
Slowakei
80%
Türkei
79%
Albanien
73%
Rumänien
72%
Georgien
67%

Verteilung der Resultate

Perzentil nach korrekt beantworteten Fragen

Anzahl Personen mit jedem Resultat

Ihre Resultats-Entwicklung

Sie haben dieses Quiz noch nicht gespielt